000
00331 a2200157 4500
001
58584
020
_a
9788563219
040
_c
Anchieta - Pituba
100
_a
Sparks, Nicholas
240
1
0
_a
Querido John
_l
por
245
1
0
_a
Querido John
300
_a
383
362
0
_a
2012
650
4
_a
Ficção norte-americana
942
_c
BK
999
_c
58584
_d
58584